000 00501nam a2200181Ia 4500
005 20250326125205.0
008 250326s9999 xx 000 0 und d
037 _aTextbook
040 _aFMSL
_beng
_cFMSL
041 _aeng
_2eng
084 _aX:97D.44 L2
_qFMSL
100 _aRevri C
_9127624
245 0 _aIndian trade union movement
_cRevri C
260 _aNew Delhi
_bNew Delhi, Orient Longman
_c1972
300 _a295p
942 _cTB
_hX:97D.44 L2
999 _c1276942
_d1276942